000 00969nam a2200241Ii 4500
003 JO-AjNU
008 230605s9999||||xx |||||||||||||| ||und||
017 _a2008/7656
020 _a978-977-455-061-4
040 _aJO-AjNU
_bara
_erda
_cJO-AjNU
041 _aara
050 1 4 _aHG4026.B612 2008
100 3 _aتأليف: بوبليويل، كيث ؛ الترجمة باعتماد: خالد العامري,
_eauthor
_933974
245 0 0 _aفن التخطيط لحافظة الاستثمار = Investment Portfolio Planning
250 _aط1 العربية
264 3 1 _aالقاهرة: دار الفاروق للاستثمارات الثقافية، 2008
300 _a232ص
_bيحتوي على ببلوغرافية من 223-232ص
336 _atext
_btxt
_2rdacontent
337 _aunmediated
_bn
_2rdamedia
338 _avolume
_bnc
_2rdacarrier
490 0 _aسلسلة البنكوت
650 4 _aالاستثمار -التخطيط الاقتصادي
_933975
999 _aA13882
_c17450
_d17450